000 00531nam a2200217Ia 4500
003 0100
008 130303s9999 xx 000 0 und d
040 _cARRUPELIB
050 _aBT645.5.A413
100 _aAlberione, Giacomo Giuseppe
245 _aMary, mother and model
245 _bfeasts of Mary
260 _aBoston
260 _bSt. Paul Editions
260 _C1958
300 _a237p. 22cm
650 _bMeru (African people)
650 _cKings and Rulers
700 _aGiacomo Giuseppe Alberione
942 0 0 _01
999 _c49057
_d49057